La reforma colonial en las Antillas : (Record no. 163128)
[ view plain ]
| 000 -LEADER | |
|---|---|
| campo de control de longitud fija | 00829nam a22001935i 4500 |
| 001 - NÚMERO DE CONTROL | |
| campo de control | 163128 |
| 003 - IDENTIFICADOR DE NÚMERO DE CONTROL | |
| campo de control | ES-MaACL |
| 005 - FECHA Y HORA DE LA ÚLTIMA TRANSACCIÓN | |
| campo de control | 20231227062556.0 |
| 008 - DATOS DE LONGITUD FIJA--INFORMACIÓN GENERAL | |
| campo de control de longitud fija | 991022s1896 sp |||| | spa d |
| 100 1# - ENTRADA PRINCIPAL--NOMBRE DE PERSONA | |
| Nombre de persona | Labra, Rafael M. de, |
| Fechas asociadas al nombre | 1840-1918 |
| 9 (RLIN) | 69273 |
| 245 13 - MENCIÓN DEL TÍTULO | |
| Título | La reforma colonial en las Antillas : |
| Resto del título | discursos pronunciados en las sesiones celebradas por el Congreso de los Diputados el 13 de febrero y 7 y 9 de junio de 1895 / |
| Mención de responsabilidad, etc. | [Rafael M. de Labra]. |
| 260 ## - PUBLICACIÓN, DISTRIBUCIÓN, ETC. | |
| Lugar de publicación, distribución, etc. | Madrid : |
| Nombre del editor, distribuidor, etc. | [s.n.], |
| Fecha de publicación, distribución, etc. | 1896 ( |
| Fabricante | Estab. Tip. de Alfredo Alonso) |
| 300 ## - DESCRIPCIÓN FÍSICA | |
| Extensión | XV, 204 p. ; |
| Dimensiones | 21 cm. |
| 594 ## - Nota al título y mención de responsabilidad | |
| Nota al título y mención de responsabilidad | Autor precede al tít. de la cub. |
| 651 #4 - PUNTO DE ACCESO ADICIONAL DE MATERIA--NOMBRE GEOGRÁFICO | |
| Nombre geográfico | España- |
| Subdivisión general | Colonias- |
| -- | Administración. |
| 9 (RLIN) | 147368 |
| 740 32 - ENTRADA AGREGADA--TÍTULO RELACIONADO/ANALÍTICO NO CONTROLADO | |
| Título relacionado o analítico no controlado | La reforma colonial en España. |
| 852 ## - LOCALIZACIÓN | |
| Ubicación | ES-MaACL |
| Número de control de estantería | T-872-F-4 |
| Nota libre | - Enc. hol. |
| -- | - Enc. en un vol. facticio |
| Estatus retirado | Estado de pérdida | Estado de daño | No para préstamo | Colección | Biblioteca de origen | Biblioteca actual | Ubicación en estantería | Fecha de adquisición | Total de préstamos | Signatura topográfica completa | Código de barras | Visto por última vez | Precio de reemplazo | Tipo de ítem Koha |
|---|---|---|---|---|---|---|---|---|---|---|---|---|---|---|
| Colección de folletos | Biblioteca del Ateneo de Madrid | Biblioteca del Ateneo de Madrid | Depósito folletos | 17/01/2008 | T-872-F-4 | 1170939 | 23/02/2023 | 23/02/2023 | Folleto |
